Phillps data and Handbook (Record no. 3528)

MARC details
000 -LEADER
fixed length control field 00727nam a2200193Ia 4500
003 - CONTROL NUMBER IDENTIFIER
control field IN-BaIIA
008 - FIXED-LENGTH DATA ELEMENTS--GENERAL INFORMATION
fixed length control field 211028s9999 xx 000 0 eng d
020 ## - INTERNATIONAL STANDARD BOOK NUMBER
International Standard Book Number 9399-261-07601
040 ## - CATALOGING SOURCE
Transcribing agency IIA Library
080 ## - UNIVERSAL DECIMAL CLASSIFICATION NUMBER
Universal Decimal Classification number (035)621.38
Item number PDH-69:5
110 ## - MAIN ENTRY--CORPORATE NAME
Corporate name or jurisdiction name as entry element Philips Gloeilanapenfabrieken
9 (RLIN) 6245
245 #0 - TITLE STATEMENT
Title Phillps data and Handbook
Remainder of title pt. 5, components and materials- magnetic heads, quartz crystals, microwave devices variable main transformers, electro-mechanical components
Statement of responsibility, etc. Philips Gloeilanapenfabrieken
260 ## - PUBLICATION, DISTRIBUTION, ETC.
Place of publication, distribution, etc. Netherland
Name of publisher, distributor, etc. Technical Publications Department
Date of publication, distribution, etc. 1969
300 ## - PHYSICAL DESCRIPTION
Extent [various pagings.]
490 ## - SERIES STATEMENT
Series statement Components and Materials Part 5
650 ## - SUBJECT ADDED ENTRY--TOPICAL TERM
Topical term or geographic name entry element Electronics
9 (RLIN) 1576
650 ## - SUBJECT ADDED ENTRY--TOPICAL TERM
Topical term or geographic name entry element NASA Thesaurus
942 ## - ADDED ENTRY ELEMENTS (KOHA)
Koha item type Books
Holdings
Withdrawn status Lost status Source of classification or shelving scheme Damaged status Not for loan Home library Current library Shelving location Date acquired Cost, normal purchase price Total Checkouts Full call number Barcode Date last seen Cost, replacement price Price effective from Koha item type Purchase Price
    Dewey Decimal Classification     IIA Library-Bangalore IIA Library-Bangalore General Stacks 16/07/1970 13.20   (035)621.38/ PDH-69:5 3939 05/11/2021 13.20 16/07/1970 Books Rs. 13.20

Powered by Koha